Easy Quattro Pro

Bibliographic Details
Main Author: Ohara, Shelley
Format: Book
Published: Indiana : Que , 1991
Subjects:

MARC

LEADER 00000cam a2200000 7i4500
001 0000000385
002 000000461
005 20080513.0
020 |a 0880227982 
090 0 0 |a 650.02855369   |b OHA 
100 1 |a Ohara, Shelley 
245 1 0 |a Easy Quattro Pro   |c Shelley O'hara 
260 |a Indiana :   |b Que ,   |c 1991 
300 |a 198p ;   |c 23cm. 
650 0 0 |a Quattro Pro [Computer program] 
999 |a 029579   |b BUKU   |c PINJAMAN   |e PERPUSTAKAAN KOMUNITI PETALING JAYA